Unidad nacional y transformación educativa /
Guardado en:
| Formato: | Libro |
|---|---|
| Publicado: |
Buenos Aires :
Ministerio de educaci¢n y justicia,
1989
|
| Materias: | |
| Etiquetas: |
Agregar Etiqueta
Sin Etiquetas, Sea el primero en etiquetar este registro!
|
| LEADER | 00917nam a22001815a 4500 | ||
|---|---|---|---|
| 001 | CEM.cems006932 | ||
| 005 | 20060214000000.0 | ||
| 008 | 130507s1989##################000#0#####d | ||
| 003 | CEMS | ||
| 082 | 0 | 4 | |a 370.982 |
| 245 | 0 | 0 | |a Unidad nacional y transformación educativa / |
| 260 | |a Buenos Aires : |b Ministerio de educaci¢n y justicia, |c 1989 | ||
| 300 | |a 76 p. | ||
| 505 | 0 | |a Discurso del Sr. Presidente de la Naci¢n Carlos Sa£l Menem ante la honorableAsamblea Legislativa.- Pol¡tica Educativa, revoluci¢n productiva y transformaciónes estructurales.- Universidad inserta en el sistema educativo y en la sociedad naciónal; discurso del Sr. Presidente Dr. Carlos Menem, con motivo de la repatriaci¢n de los restos del Brigadier Gral. Don Juan Manuel de Rosas.- | |
| 653 | |a Educacion | ||
| 653 | |a Educacion argentina | ||
| 653 | |a Reforma educativa | ||
| 859 | |a CEMS |b BIB. CEMS - 11 de abril |h 370.982 |i Ar37-1 |p 16450.91 |t Ej.1 | ||
